Socialization (Record no. 1679526)

MARC details
000 -LEADER
fixed length control field 00650 a2200229 4500
005 - DATE AND TIME OF LATEST TRANSACTION
control field 20260402162638.0
008 - FIXED-LENGTH DATA ELEMENTS--GENERAL INFORMATION
fixed length control field 260402b |||||||| |||| 00| 0 eng d
020 ## - INTERNATIONAL STANDARD BOOK NUMBER
International Standard Book Number 978-1-5095-5368-6
037 ## - SOURCE OF ACQUISITION
Terms of availability TB
040 ## - CATALOGING SOURCE
Original cataloging agency CRL
Transcribing agency CRL
041 ## - LANGUAGE CODE
Source of code eng
Language code of text/sound track or separate title eng
084 ## - COLON CLASSIFICATION NUMBER
Classification number Y R4
Assigning agency CRL
100 ## - MAIN ENTRY--PERSONAL NAME
Personal name Darmon, Muriel
9 (RLIN) 1115559
245 ## - TITLE STATEMENT
Title Socialization
260 ## - PUBLICATION, DISTRIBUTION, ETC.
Place of publication, distribution, etc. New jersey, USA:
Name of publisher, distributor, etc. Polity press,
Date of publication, distribution, etc. 2024.
300 ## - PHYSICAL DESCRIPTION
Extent 193p.
365 ## - TRADE PRICE
Price amount 22.95
Currency code USD
650 ## - SUBJECT ADDED ENTRY--TOPICAL TERM
Source of heading or term Sociology
700 ## - ADDED ENTRY--PERSONAL NAME
Personal name Garnier, Lucy
Relator term Translator,
9 (RLIN) 1234081
942 ## - ADDED ENTRY ELEMENTS (KOHA)
Koha item type Textbook
Source of classification or shelving scheme Colon Classification (CC)
Classification part Y R4
Holdings
Withdrawn status Lost status Source of classification or shelving scheme Damaged status Not for loan Home library Current library Date acquired Source of acquisition Cost, normal purchase price Inventory number Total Checkouts Full call number Barcode Date last seen Cost, replacement price Price effective from Koha item type
    Colon Classification (CC)     Central Library Central Library 2026-04-02 Better Book Services 1665.43 72 & 16/02/2026   Y R4 CL1926326 2026-02-19 2081.79 2026-02-19 Textbook
Copyright @ Delhi University Library System